000 00297nam a22001337a 4500
008 170629b xxu||||| |||| 00| 0 eng d
020 _a0395358051
041 _aeng
080 _24TH
_a82
100 _a22
101 _aGJL
245 _aCONTEMPORARY AMERICAN POETRY
_cPOULIN,A
942 _2udc
_cBK
999 _c19461
_d19461